Bart's In Big Trouble Quiz Stats

Quiz Updated Jul 25, 2013

Challenge
Share
Tweet
Embed
Score 0/24 Timer 05:00
2 Plays Today
% Correct
I Will Not Waste Chalk
70.8%
I Will Not Hide The Teachers Medication
69.9%
I Did Not Learn Everything I Need To Know In Kindergarten
68.4%
A Burp Is Not An Answer
67.5%
I Will Not Eat Things For Money
66.6%
This Punishment Is Not Boring And Pointless
66.3%
Non-Flammable Is Not A Challenge
66.3%
Indian Burns Are Not Our Cultural Heritage
66%
I Can't See Dead People
65.1%
I Will Only Provide A Urine Sample When Asked
63.8%
A Trained Ape Could Not Teach Gym
62.8%
The School Does Not Need A 'Regime Change'
62.3%
% Correct
A Booger Is Not a Bookmark
60.4%
The Hamster Did Not Have A 'Full Life'
59%
The Capital Of Montana Is Not Hannah
58.6%
I Will Not Fake Seizures
58.2%
I Will Not Instigate Revolution
58%
My Suspension Was Not 'Mutual'
56.8%
I Will Stop Talking About The Twelve Inch Pianist
55.5%
I Will Not Surprise The Incontinent
53.9%
Science Class Should Not End In Tragedy
53.4%
Over Forty And Single Is Not Funny
50%
I Will Not Hang Donuts On My Person
47.7%
The Nurse Is Not Dealing
42.9%

You're not logged in!

Compare scores with friends on all Sporcle quizzes.
Sign Up with Email
OR
Log In

You Might Also Like...

Show Comments

Extras

Top Quizzes Today


Score Distribution

Your Account Isn't Verified!

In order to create a playlist on Sporcle, you need to verify the email address you used during registration. Go to your Sporcle Settings to finish the process.